| 000 | 00640nam a22001457a 4500 | ||
|---|---|---|---|
| 020 | _a978-0-00-723383-0 | ||
| 082 |
_a823 _bLEW/S |
||
| 100 | _aLEWIS, C.S | ||
| 245 |
_aTHE CHRONICLES OF NARNIA _bTHE SILVER CHAIR |
||
| 260 |
_aLONDON _bHARPER COLLINS _c2001 |
||
| 300 | _a265 | ||
| 520 | _aThe Silver Chair tells the story of Eustace Scrubb's second trip to Narnia, accompanied by his friend Jill Pole, who had never been there before. The two of them were running from bullies at their school when they entered a door to hide, and found themselves in Aslan's country, next to a great cliff. | ||
| 650 |
_aNOVEL _zUNITED KINGDOM |
||
| 942 | _cBK | ||
| 999 |
_c3447 _d3447 |
||